000 01137nam a22003257a 4500
003 CHAP
005 20220329134308.0
008 971013s1981 r 00010 d
010 _a18294
011 _a19266
035 _a23351
040 _cCHAP
082 _a633.34
_bJ8
100 0 0 _aJudy, W. H.
_962273
245 _aIrrigated soybean production in arid and semi-arid regions; proceedings of a conference...
260 _aUrbana :
_bInternational Soybean Program,
_c1981
300 _a194 p
490 _aInternational Soybean Program. INSTOY
_v; 20
590 _aBATCH-UPD
_b10
_c20130110
_lUCH01
_h1651
590 _aBATCH-UPD
_b10
_c20130410
_lUCH01
_h1040
590 _aBATCH-UPD
_b10
_c20130914
_lUCH01
_h0321
590 _aCONVERSION
_b10
_c20130109
_lUCH01
_h1311
650 1 4 _aAgricultura
_xRegiones áridas.
_91781
650 1 4 _aSoya
_xIrrigación.
_9109065
830 0 _aInternational Soybean Program. INSTOY
_v; 20
_959838
901 _aBK
942 _cLIBRO
949 _a633.34 J8
_bBC
_cLIBRO
_d33724000217253
_eLIBRO
_h58014
_i23351
_mD
_si
949 _a633.34 J8
_bBC
_cLIBRO
_d33724000217261
_eLIBRO
_fc.2
_h58290
_i23351
_mD
_si
999 _c18294
_d18294